| 000 | 00432nam a22001457a 4500 | ||
|---|---|---|---|
| 005 | 20250604170548.0 | ||
| 008 | 250604b |||||||| |||| 00| 0 eng d | ||
| 020 | _a9780851111681 | ||
| 050 |
_aBT 202 _bMOT |
||
| 100 | _aMOTYER, ALEC | ||
| 245 |
_aLOOK TO THE ROCK _bAn old testament background to our understanding of Christ _cALEC MOTYER |
||
| 260 |
_aLEICESTER _bINTER-VARSITY PRESS _cc1996 |
||
| 300 | _a255p.; | ||
| 942 |
_2lcc _cBK _n0 |
||
| 999 |
_c6280 _d6280 |
||